| 000 | 01040cam a2200289 a 4500 | ||
|---|---|---|---|
| 001 | 000009668 | ||
| 005 | 20200929161649.0 | ||
| 008 | 990219s1987 sp j 001 f spa | ||
| 020 | _a8476440170 | ||
| 035 | _a(DLC) 99174985 | ||
| 040 |
_aDO-SdBNP _cDLC _dBNPHU |
||
| 082 |
_a862.64 _bE56t |
||
| 100 | 1 |
_aEnciso, Pilar. _d1920-2009 _924558 |
|
| 245 | 1 | 0 |
_aTeatro infantil / _cPilar Enciso y Lauro Olmo. |
| 260 |
_aMadrid : _bAntonio Machado, _c1987. |
||
| 300 |
_av. 1 ; _c17 cm. |
||
| 490 | 1 | _aTeatral | |
| 490 | 1 |
_aBiblioteca Antonio Machado de teatro _v11 _aTeatro de autores españoles |
|
| 500 | _aLa biblioteca posee el volumen 1. | ||
| 505 | 1 | _a1. El león enganado ; El león enamorado ; La maquinita que no queria pitar | |
| 650 | 4 |
_aTeatro infantil español _924559 |
|
| 650 | 4 |
_aLiteratura infantil española _924560 |
|
| 700 | 1 |
_aOlmo, Lauro, _d1922- 1994. _915542 |
|
| 830 | 0 |
_aBiblioteca Antonio Machado de teatro ; _v11, _pTeatro de autores españoles _924561 |
|
| 910 | _aCatalogación por copia / LC | ||
| 049 | _aBNGR | ||
| 999 |
_c9428 _d9428 |
||